Adócsalás és adóelkerülés a vendéglátásban Magyarországon egy étterem működésén keresztül

Bibliográfiai részletek
Szerző: Bencze Zsófia
További közreműködők: Hauber György
Dokumentumtípus: Diplomadolgozat
Kulcsszavak:Adócsalás
Adóelkerülés
Rejtett gazdaság
Online Access:http://dolgozattar.uni-bge.hu/9110

MARC

LEADER 00000nta a2200000 i 4500
001 dolg9110
005 20161216104546.0
008 161216suuuu hu om 000 hun d
040 |a BGE Dolgozattár Repozitórium  |b hun 
041 |a hu 
100 1 |a Bencze Zsófia 
245 1 0 |a Adócsalás és adóelkerülés a vendéglátásban Magyarországon egy étterem működésén keresztül  |c Bencze Zsófia  |h [elektronikus dokumentum] 
695 |a Adócsalás 
695 |a Adóelkerülés 
695 |a Rejtett gazdaság 
700 1 |a Hauber György  |e ths 
856 4 0 |u http://dolgozattar.uni-bge.hu/9110/1/Szakdolgozat%202016.pdf  |z Dokumentum-elérés